Chương trình đào tạo giáo viên đáp ứng yêu cầu đổi mới giáo dục phổ thông : Những nghiên cứu lý luận và thực tiễn
Nội dung sách gồm kinh nghiệm các nước về chương trình đào tạo giáo viên; các nghiên cứu về đào tạo giáo viên; đổi mới chương trình đào tạo giáo viên trong các trường Đại học sư phạm.
Gespeichert in:
| 1. Verfasser: | |
|---|---|
| Format: | Buch |
| Sprache: | Undetermined |
| Veröffentlicht: |
Hà Nội
Nxb. Đại học Sư phạm
2016
|
| Schlagworte: | |
| Tags: |
Tag hinzufügen
Keine Tags, Fügen Sie den ersten Tag hinzu!
|
| Thư viện lưu trữ: | Trung tâm Học liệu Trường Đại học Cần Thơ |
|---|
| LEADER | 00991nam a2200205Ia 4500 | ||
|---|---|---|---|
| 001 | CTU_224268 | ||
| 008 | 210402s9999 xx 000 0 und d | ||
| 020 | |c 81000 | ||
| 082 | |a 371.1 | ||
| 082 | |b B108 | ||
| 100 | |a Đinh, Quang Báo | ||
| 245 | 0 | |a Chương trình đào tạo giáo viên đáp ứng yêu cầu đổi mới giáo dục phổ thông : | |
| 245 | 0 | |b Những nghiên cứu lý luận và thực tiễn | |
| 245 | 0 | |c Đinh Quang Báo (Chủ biên) | |
| 260 | |a Hà Nội | ||
| 260 | |b Nxb. Đại học Sư phạm | ||
| 260 | |c 2016 | ||
| 520 | |a Nội dung sách gồm kinh nghiệm các nước về chương trình đào tạo giáo viên; các nghiên cứu về đào tạo giáo viên; đổi mới chương trình đào tạo giáo viên trong các trường Đại học sư phạm. | ||
| 650 | |a Teachers,Giáo viên | ||
| 980 | |a Trung tâm Học liệu Trường Đại học Cần Thơ | ||